|
|
|
|
| LEADER |
00000nam a2200000 i 4500 |
| 001 |
1/6705 |
| 008 |
960712s1992 gre d |
| 020 |
|
|
|a 960-85137-1-5
|
| 035 |
|
|
|l 10016447
|
| 040 |
|
|
|a GR-MY-UA
|b gre
|e aacr
|
| 041 |
0 |
|
|a gre
|
| 082 |
0 |
|
|a 489.3
|
| 100 |
1 |
|
|a Μαρινέτα, Δήμητρα.
|
| 245 |
1 |
0 |
|a Ελληνικά τώρα 1+1 /
|c Δήμητρα Δημητρά, Μαρινέτα Παπαχειμώνα
|
| 250 |
|
|
|a 4η έκδ.
|
| 260 |
|
|
|a Αθήνα :
|b Νόστος,
|c 1992
|
| 300 |
|
|
|a 317 σ.
|b εικ.
|e 2 κασέτες ήχου
|
| 504 |
|
|
|a Περιέχει ευρετήριο
|
| 650 |
0 |
0 |
|a Greek language, Modern
|x Study and teaching.
|
| 700 |
1 |
|
|a Παπαχειμώνα, Μαρινέτα.
|
| 852 |
|
|
|a INST
|b LESVOS
|e 19960712
|h 489.3 ΜΑΡ
|p 005100009618
|q 005100009618
|t BK
|y 0
|z ???
|
| 852 |
|
|
|a INST
|b LESVOS
|e 19960712
|h 489.3 ΜΑΡ
|p 005100009618
|q 005100009618
|t BK
|v (Unknown.)???:
|y 0
|z ???
|
| 852 |
|
|
|a INST
|b LESVOS
|e 19981215
|h 489.3 ΜΑΡ
|p 005100018095
|q 005100018095
|t BK
|v p.1:
|y 0
|z p.1
|
| 852 |
|
|
|a INST
|b LESVOS
|e 19981215
|h 489.3 ΜΑΡ
|p 005100018096
|q 005100018096
|t BK
|v p.2:
|y 0
|z p.2
|
| 853 |
|
|
|a INST
|b LESVOS
|h 489.3 ΜΑΡ
|
| 853 |
|
|
|a INST
|b LESVOS
|h 489.3 ΜΑΡ cassette
|
| 909 |
|
|
|a Λ
|b 036736
|
| 909 |
|
|
|a Λ
|b 036737
|
| 909 |
|
|
|a Λ
|b 036738
|
| 922 |
|
|
|a 1ΔΩΡ
|b 199409
|